000 00304ngm a2200133Ia 4500
008 180904s9999||||xx ||| | || ||und||
020 _a9780240812090
082 _a777
_bBRO/C
100 _aBrown, Blain
245 0 _aCinematography
260 _aUK
_bElsevier inc
_c2013
300 _a365p
942 _cDVD
999 _c2998
_d2998